Аудит систем качества и сертификация: учебное пособие

Xehetasun bibliografikoak
Egile nagusia: Янушевская М. Н. Марина Николаевна
Erakunde egilea: Национальный исследовательский Томский политехнический университет (ТПУ)
Gaia:В пособии изложены методические и практические аспекты аудита си­стем качества Рассмотрены современные тенденции проведения сертификации в соответствии со стандартом ГОСТ Р 55568-2013. Предназначено для бакалавров и магистрантов, обучающихся по направ­лению 27.03.02 и 27.04.02 «Управление качеством».
Hizkuntza:errusiera
Argitaratua: Томск, Изд-во ТПУ, 2016
Gaiak:
Formatua: Liburua
KOHA link:https://koha.lib.tpu.ru/cgi-bin/koha/opac-detail.pl?biblionumber=334867

MARC

LEADER 00000nam0a2200000 4500
001 334867
005 20231102004709.0
010 |a 9785438707318 
035 |a (RuTPU)RU\TPU\book\361169 
090 |a 334867 
100 |a 20170908d2016 m y0rusy50 ca 
101 0 |a rus 
102 |a RU 
105 |a a j 001zy 
200 1 |a Аудит систем качества и сертификация  |e учебное пособие  |f М. Н. Янушевская  |g Национальный исследовательский Томский политехнический университет (ТПУ) 
210 |a Томск  |c Изд-во ТПУ  |d 2016 
215 |a 102 с.  |c ил. 
320 |a Библиогр.: с. 94-95 
330 |a В пособии изложены методические и практические аспекты аудита си­стем качества Рассмотрены современные тенденции проведения сертификации в соответствии со стандартом ГОСТ Р 55568-2013. Предназначено для бакалавров и магистрантов, обучающихся по направ­лению 27.03.02 и 27.04.02 «Управление качеством». 
606 1 |a Аудит  |2 stltpush  |3 (RuTPU)RU\TPU\subj\29811  |9 53071 
606 1 |a Сертификация  |2 stltpush  |3 (RuTPU)RU\TPU\subj\54694  |9 72800 
610 1 |a менеджмент качества 
610 1 |a управление 
610 1 |a планирование 
610 1 |a проведение 
610 1 |a оценка 
610 1 |a система менеджмента качества 
610 1 |a правовая документация 
610 1 |a стандарты 
610 1 |a учебные пособия 
610 1 |a труды учёных ТПУ 
675 |a 657.6(075.8)  |v 4 
675 |a 658.562.012.7(075.8)  |v 4 
700 1 |a Янушевская  |b М. Н.  |c специалист в области неразрушающего контроля  |c старший преподаватель Томского политехнического университета  |f 1969-  |g Марина Николаевна  |2 stltpush  |3 (RuTPU)RU\TPU\pers\28243 
712 0 2 |a Национальный исследовательский Томский политехнический университет (ТПУ)  |c (2009- )  |2 stltpush  |3 (RuTPU)RU\TPU\col\15902 
801 1 |a RU  |b 63413507  |c 20170908 
801 2 |a RU  |b 63413507  |c 20170918  |g RCR 
942 |c BK